Vojtěch Preissig : ze Světce do světa /

Další autoři: Vlčková, Lucie, 1975-, Brožek, Aleš, 1952-
Jazyk: Čeština
Vydáno: [Světec] : Obec Světec ve spolupráci s nakl. Kapucín Společnosti přátel města Duchcova a s Uměleckoprůmyslovým museem v Praze, [2014]
Témata:
Fyzický popis: 147 s. : il. (některé barev.), portréty, faksim. ; 21 x 22 cm
Language note: Anglické resumé
Knihy
Uloženo v:
LEADER 02791nam a2200721 a 4500
001 nkc20142613615
003 CZ PrNK
005 20141209115917.0
007 ta
008 141111s2014 xr ach f 000 0bcze
015 |a cnb002613615 
020 |a 978-80-86467-58-0  |q (Kapucín :  |q brož.) 
020 |a 978-80-7101-148-4  |q (Uměleckoprůmyslové museum :  |q brož.)  |z 978-80-7101-145-3 
035 |a (OCoLC)897868915 
040 |a ABA001  |b cze 
041 0 |a cze  |b eng 
043 |a e-xr--- 
045 |a x0x4 
072 7 |a 76  |x Grafické umění. Grafika  |2 Konspekt  |9 21 
072 7 |a 929  |x Biografie  |2 Konspekt  |9 8 
080 |a 76.071.1  |2 MRF 
080 |a 929  |2 MRF 
080 |a 76(437.3)  |2 MRF 
080 |a 766:655  |2 MRF 
080 |a 655.244  |2 MRF 
080 |a 172.15  |2 MRF 
080 |a (437.3)  |2 MRF 
080 |a (092)  |2 MRF 
080 |a (048.8:082)  |2 MRF 
245 0 0 |a Vojtěch Preissig :  |b ze Světce do světa /  |c [Lucie Vlčková (ed.) ; texty Aleš Brožek ... et al.] 
246 3 |a Vojtěch Preissig - ze Světce do světa 
246 3 |a Ze Světce do světa 
260 |a [Světec] :  |b Obec Světec ve spolupráci s nakl. Kapucín Společnosti přátel města Duchcova a s Uměleckoprůmyslovým museem v Praze,  |c [2014] 
300 |a 147 s. :  |b il. (některé barev.), portréty, faksim. ;  |c 21 x 22 cm 
500 |a Chronologický přehled 
504 |a Obsahuje bibliografii a bibliografické odkazy 
546 |a Anglické resumé 
600 1 7 |a Preissig, Vojtěch,  |d 1873-1944  |7 jk01101031  |2 czenas 
648 4 |a 1901-1944 
648 7 |a 20. století  |7 ch460558  |2 czenas 
650 0 7 |a grafici  |7 ph120589  |z Česko  |y 20. stol.  |2 czenas 
650 0 7 |a česká grafika  |7 ph128116  |y 20. stol.  |2 czenas 
650 0 7 |a grafický design  |7 ph116550  |z Česko  |y 20. stol.  |2 czenas 
650 0 7 |a typografické písmo  |7 ph116510  |z Česko  |y 20. stol.  |2 czenas 
650 0 7 |a vlastenectví  |7 ph127129  |y 20. stol.  |2 czenas 
650 0 9 |a printmakers  |z Czechia  |y 20th century  |2 eczenas 
650 0 9 |a Czech prints  |y 20th century  |2 eczenas 
650 0 9 |a graphic design  |z Czechia  |y 20th century  |2 eczenas 
650 0 9 |a typefaces  |z Czechia  |y 20th century  |2 eczenas 
650 0 9 |a patriotism  |y 20th century  |2 eczenas 
655 7 |a biografie  |7 fd131909  |2 czenas 
655 7 |a kolektivní monografie  |7 fd501537  |2 czenas 
655 9 |a biography  |2 eczenas 
655 9 |a collective monographs  |2 eczenas 
700 1 |a Vlčková, Lucie,  |d 1975-  |7 xx0058649  |4 edt  |4 aut 
700 1 |a Brožek, Aleš,  |d 1952-  |7 jn20010309352  |4 aut 
910 2 |a BOA001  |b 2-1335.551 
928 9 |a Kapucín 
928 9 |a Uměleckoprůmyslové museum v Praze 
990 |a BK 
995 |a 01 
991 |b 201411  |c NOV  |e dn 
996 6 |b 2610612375  |c 2-1335.551  |l MZK  |r Sklad / do 1 hodiny  |n 4  |p p.v.  |w 001472602  |u 000010  |a 1  |e BOA001  |j MZK50  |s P